Impact Of Demonetization In India (Record no. 96266)

MARC details
000 -LEADER
fixed length control field 00613nam a2200229Ia 4500
005 - DATE AND TIME OF LATEST TRANSACTION
control field 20230208155801.0
008 - FIXED-LENGTH DATA ELEMENTS--GENERAL INFORMATION
fixed length control field 230125s9999 xx 000 0 und d
020 ## - INTERNATIONAL STANDARD BOOK NUMBER
International Standard Book Number 9789388562072
041 ## - LANGUAGE CODE
Language code of text/sound track or separate title eng
082 ## - DEWEY DECIMAL CLASSIFICATION NUMBER
Classification number 658.15
Item number BHA
100 ## - MAIN ENTRY--PERSONAL NAME
Author Bharatbhai P A
245 ## - TITLE STATEMENT
Title Impact Of Demonetization In India
250 ## - EDITION STATEMENT
Edition statement 1st Ed.
260 ## - PUBLICATION, DISTRIBUTION, ETC.
Date of publication, distribution, etc. 2019
Name of publisher, distributor, etc. Rawat Publications
Place of publication, distribution, etc. New Delhi
300 ## - PHYSICAL DESCRIPTION
Extent 240p
500 ## - GENERAL NOTE
Keywords Financial Management;Demonetization
650 ## - SUBJECT ADDED ENTRY--TOPICAL TERM
Topical term or geographic name entry element Financial Management;Demonetization
700 ## - ADDED ENTRY--PERSONAL NAME
Personal name Bharatbhai P A
942 ## - ADDED ENTRY ELEMENTS (KOHA)
Koha item type Books
906 ## - LOCAL DATA ELEMENT F, LDF (RLIN)
b 420
Holdings
Withdrawn status Lost status Damaged status Not for loan Home library Current library Date acquired Vendor Net Price Bill number Full call number Barcode Date last seen Actual Price Bill Date Koha item type Original Barcode
      Reference Smt. Hiraben Nanavati Institute of Management & Research for Women Smt. Hiraben Nanavati Institute of Management & Research for Women 06/02/2020 Forward Books 1500.00 11188 658.15 BHA B19596 HIMR-BK-19596 25/01/2023 1080.00 25/01/2023 Books B19596